000 00323 a2200157 4500
001 184503
020 _a
040 _cMagnum
100 _aCaldas, Paulo
240 1 0 _aAs faces do escorpião
_lpor
245 1 0 _aAs faces do escorpião
300 _a137
362 0 _a1997
697 _aLITERATURA GERAL
942 _cBK
999 _c184503
_d184503